Music Quiz

Random Music or Album Quiz
Score 0/10 Timer 03:00
0 Plays Today
Year Album % Correct
2000The Marshall Mathers LP
74.3%
1997Life After Death
70.4%
2002The Eminem Show
65.2%
1996All Eyez On Me
57.4%
2002Speakerboxxx, The Love Below
57.2%
1998The Miseducation of Lauryn Hill
43.6%
1997Big Willie Style
30.8%
1986Licensed to Ill
23.8%
1990Please Hammer, Don't Hurt 'Em
18.7%
1998Greatest Hits
18.4%
Remove Ads.
Support Sporcle.
Get the best of Sporcle when you Go Orange. This ad-free experience offers more features, more stats, and more fun while also helping to support Sporcle. Thank you for becoming a member.

You're not logged in!

Compare scores with friends on all Sporcle quizzes.
OR
Log In

Show Comments

Extras

Top Quizzes Today


Score Distribution

Your Account Isn't Verified!

In order to create a playlist on Sporcle, you need to verify the email address you used during registration. Go to your Sporcle Settings to finish the process.

Report this User

Report this user for behavior that violates our Community Guidelines.

Details: